| 000 | 00746nam a2200241 a 4500 | ||
|---|---|---|---|
| 005 | 20210219153049.0 | ||
| 008 | 991125s1985 mx 000 0 spa u | ||
| 035 | _aUPN01000075309 | ||
| 100 | 1 | _aCenoz, Jasone | |
| 222 | _aINFANCIA Y APRENDIZAJE = | ||
| 222 | _bJOURNAL FOR THE STUDY OF EDUCATION AND DEVELOPMENT | ||
| 245 | _aEl papel del bilingüísmo en la adquisición de una lengua extranjera : el caso del aprendizaje del inglés en gipuzkoa | ||
| 260 | _aMadrid, España | ||
| 300 | _a127-138 | ||
| 362 | 0 | _a1995 No. 72 | |
| 653 | 0 | _aEDUCACION BILINGÜE | |
| 653 | 0 | _aLENGUA MATERNA | |
| 653 | 0 | _aLENGUA EXTRANJERA | |
| 700 | 1 | _aValencia, José Francisco, | |
| 700 | 1 | _ecoaut. | |
| 904 |
_aAC _b013120 |
||
| 905 | _aArticulo | ||
| 999 |
_c67457 _d67457 |
||